00525nam a2200193 a 4500001001300000003000900013005001700022008004100039020000900080082001600089100003100105245005200136260004000188300000900228500003500237505001000272650001800282700003100300nice12345678IN_TiNIC20260116012126.0050524s1978 dela grp 000 0 urd  ac1000a297.52bABB aAbbasi, Hakeem Nihal Abbas aFalsafa-I-Namaz Yani Namaz Ki Sab Se Badi Kitab aDelhibIdara Matbu`at Islamiac1978 a472p aincludes index and biblioraphy2 aIndex aIslam-Prayers1 aAbbasi, Hakeem Nihal Abbas